Encyklopedie zahraničního obchodu

Gespeichert in:
Bibliographische Detailangaben
Format: Buch
Sprache:Tschechisch
Veröffentlicht: Praha Státní nakladatelství technické literatury 1982
Tags: Tag hinzufügen
Keine Tags, Fügen Sie das erste Tag hinzu!

MARC

LEADER 00000nam a2200000 4500
001 c138106
005 20250929135141.4
041 0 |a cze 
044 |a CZ 
245 1 0 |a Encyklopedie zahraničního obchodu 
264 1 |a Praha  |b Státní nakladatelství technické literatury  |c 1982 
300 |a 657 s.